|
|
|
|
| LEADER |
01076cam a2200409 7i4500 |
| 001 |
0000027524 |
| 005 |
20120611090000.0 |
| 020 |
0 |
0 |
|a 9781921492372
|
| 090 |
0 |
0 |
|a ASIA 333.85025
|b ASI
|
| 245 |
0 |
4 |
|a The Asian metals, minerals & steel directory 2011.
|
| 260 |
0 |
0 |
|a Sydney:
|b Asia Pacific InfoServ,
|c 2011.
|
| 300 |
# |
# |
|a 357 p.
|
| 650 |
0 |
0 |
|a Steel --
|x Directories --
|z Asia
|
| 650 |
0 |
0 |
|a Minerals --
|x Directories --
|z Asia
|
| 650 |
0 |
0 |
|a Metals --
|x Directories --
|z Asia
|
| 651 |
0 |
0 |
|a Bangladesh
|
| 651 |
0 |
0 |
|a Phillippines
|
| 651 |
0 |
0 |
|a Sri lanka
|
| 651 |
0 |
0 |
|a Mongolia
|
| 651 |
0 |
0 |
|a Bhutan
|
| 651 |
0 |
0 |
|a South Korea
|
| 651 |
0 |
0 |
|a Myanmar
|
| 651 |
0 |
0 |
|a Japan
|
| 651 |
0 |
0 |
|a China
|
| 651 |
0 |
0 |
|a New Zealand
|
| 651 |
0 |
0 |
|a Papua New Guinea
|
| 651 |
0 |
0 |
|a Vietnam
|
| 651 |
0 |
0 |
|a India
|
| 651 |
0 |
0 |
|a Taiwan
|
| 651 |
0 |
0 |
|a Asia
|
| 651 |
0 |
0 |
|a Malaysia
|
| 651 |
0 |
0 |
|a Indonesia
|
| 651 |
0 |
0 |
|a Singapore
|
| 651 |
0 |
0 |
|a Pakistan
|
| 651 |
0 |
0 |
|a Thailand
|
| 651 |
0 |
0 |
|a Australia
|
| 999 |
|
|
|a B000030183
|b Directories
|c Regions
|e Business Information Centre
|